000 00650nam a2200241Ia 4500
003 OSt
005 20221005084450.0
006 a|||||r|||| 00| 0
007 ta
008 221004b |||||||| |||| 00| 0 eng d
024 _a121830
037 _bGift, 06/10/2012,
_cTextual
040 _aCRL
_cCRL
_beng
041 _2eng
_aeng
082 _aO122,3L99:g, L3
100 _aPritchett V S
245 0 _aBalzac
260 _aNew York
_bAlfred A. Knopf USA
_c1973
300 _a272p.
_ccm.
650 _aENGLISH LITERATURE
942 _hO122,3L99:g, L3
_cTEXL
_2cc
999 _c992626
_d992626